Lannathai étkezési szokások és a thaiföldi ételek térhódítása a hazai piacon

Bibliographic Details
Main Author: Incefi Réka
Other Authors: Gundel Dr. János
Format: Thesis
Kulcsszavak:Thaiföld
Thai konyha
Étkezési szokás
Thai étterem, Magyarország
Online Access:http://dolgozattar.uni-bge.hu/2777

MARC

LEADER 00000nta a2200000 i 4500
001 dolg2777
005 20151216094833.0
008 150511suuuu hu om 000 hun d
040 |a BGE Dolgozattár Repozitórium  |b hun 
041 |a hu 
100 1 |a Incefi Réka 
245 1 0 |a Lannathai étkezési szokások és a thaiföldi ételek térhódítása a hazai piacon  |c Incefi Réka  |h [elektronikus dokumentum] 
246 1 1 |a Lannathai étkezési szokások és a thaiföldi ételek térhódítása a hazai piacon 
695 |a Thaiföld 
695 |a Thai konyha 
695 |a Étkezési szokás 
695 |a Thai étterem, Magyarország 
700 1 |a Gundel Dr. János  |e ths 
856 4 0 |u http://dolgozattar.uni-bge.hu/2777/1/szakdolgozat_Incefi_Reka.pdf  |z Dokumentum-elérés